Music Quiz

Random Music or Bands Quiz

Band Name Origins Quiz Stats

 Plays Quiz Updated Jan 21, 2019

     
Support Sporcle.
Go Orange.
Score 0/39 Timer 07:00
6 Plays Today
Origin Band % Correct
Named after the first book of the BibleGenesis
93.7%
Named after the state of perfect inner stillness and peaceNirvana
70.9%
Fusion between the bands Hollywood Rose and L.A. GunsGuns n' Roses
65.2%
Named after two popular brands of rolling paper, Zig-Zag and TopZZ Top
64.5%
The river that parts the world from the underworld in Greek mythologyStyx
58.9%
Named after the Austrian Archduke whose assassination was a factor in the outbreak of First World WarFranz Ferdinand
56.2%
A play on Santa Monica's 'Lincoln Park'Linkin Park
55.1%
Named after the last name of the lead singer, whose first name is JonBon Jovi
53.2%
Named after the town this Massachusetts' band is basedBoston
53.1%
Inspired by the manager's kinky London boutique called SEXSex Pistols
51.3%
Named after a man-sized medieval torture deviceIron Maiden
51.1%
The first name of a famous 50's actress and the last name of an infamous convicted criminal and cultleaderMarilyn Manson
48.2%
A play on Buddy Holly's 'Crickets'The Beatles
39.2%
Named after an American spy plane like the one flown by Gary PowersU2
36.7%
Named after the band members' gym coach, Mr. Skinner, who punished the boys because of their long hairLynyrd Skynyrd
35.6%
A combination of the last names of the drummer Mick and the bassist JohnFleetwood Mac
35%
According to his schoolteacher, William was very idleBilly Idol
31.8%
An acronym for the first names of each of the band membersABBA
31.2%
The first names of two blues musicians, P. Anderson and F. CouncilPink Floyd
31%
Named after a lethal, acute disease and biological weapon, gained fame after the deadly leak in SverdlovskAnthrax
29.4%
Origin Band % Correct
The last name of the Dutch-born drummer and guitarist of this American bandVan Halen
26.6%
Ed, the guitarist's younger brother made a picture of his other brother Jim shoving the Earth up his mouthJimmy Eat World
24.3%
The guitarist liked the description ''mischievous little elves' in a dictionaryPixies
21.2%
A female housemate of the singer was addicted to drugsJane's Addiction
19.6%
The British guitarist of this American band felt like oneForeigner
16%
The term used by Allied aircraft pilots in World War II to describe UFOsFoo Fighters
15%
The band was founded on the 41st day of the summerSum 41
14.9%
Named after a French fashion magazine, translated 'fashion news dispatch'Depeche Mode
13.1%
Named after a sex toy in the William Burroughs novel 'The Naked Lunch'Steely Dan
12.4%
Taken from a 1950 Muddy Waters blues songThe Rolling Stones
12.3%
The financial situation of this British band when it was foundedDire Straits
11.8%
A band member saw this standing on a sewing machineAC/DC
11.2%
Surname pseudonym of Paul McCartneyRamones
8.6%
Named after the German town where in 1988 a deadly airshow disaster took placeRammstein
8%
Named after Bob Dylan's 'The Ballad of Frankie Lee and *band name*'Judas Priest
5.9%
Taken from a 1963 Italian horror movie starring Boris KarloffBlack Sabbath
4.5%
Named after a Grammy-winning jazz song by Nino & April which was the guitarist's grandmother's favourite songDeep Purple
3.8%
A synonym for Satan, 'The Red Lord'King Crimson
3.7%
Named after a 1963 paperback that reported on sexual paraphilia in the USAThe Velvet Underground
2.9%

From the Vault

4-to-1 Countries by Beginning and Ending Letters IV

by sproutcm

It's the natural evolution of throwing darts at a map.
Remove Ads.
Support Sporcle.
Get the best of Sporcle when you Go Orange. This ad-free experience offers more features, more stats, and more fun while also helping to support Sporcle. Thank you for becoming a member.

Show Comments

Extras

Top Quizzes Today


Score Distribution

Your Account Isn't Verified!

In order to create a playlist on Sporcle, you need to verify the email address you used during registration. Go to your Sporcle Settings to finish the process.

Report this User

Report this user for behavior that violates our Community Guidelines.

Details: